Statistics for scottish highland league

Click here to take the quiz!

General Stats

  • This quiz has been taken 16 times
  • The average score is 8 of 15

Answer Stats

HintAnswer% Correct
won te leagueebrora rangers
93%
near ben nevisfort william
93%
popular drink and national flowerbuckie thistle
71%
shares name with glasgow giants rangerscove rangers
71%
boys namefraserburgh
64%
aother team no ones heard ofhuntly
57%
costal team in moraylossiemouth
57%
boys namekeith
50%
highlandsnairn county
50%
another team from morayrothes
50%
one team no ones heard ofdeveronvale
36%
aberdeenshireformartine united
36%
played rangers in the scottish cupforres mechanics
36%
train wannabesinverurie loco works
21%
most league titlesclachnacudden
7%

Score Distribution

Percentile by Number Answered

Percent of People with Each Score

Your Score History

You have not taken this quiz